[Event "UKR-ch Women Final 2018"]
[Site "Kiev"]
[Date "2018.12.18"]
[Round "7"]
[White "Dolzhykova, Kateryna"]
[Black "Martynkova, Olena"]
[Result "0-1"]
[WhiteElo "2161"]
[BlackElo "2173"]
[Annotator "NA"]
[PlyCount "108"]
[EventDate "2018.12.11"]
[EventType "tourn"]
[EventCountry "UKR"]
[SourceTitle "playchess.com"]
[Source "ChessBase"]
[SourceQuality "1"]
[TimeControl "40/5400+30:1800+30"]

1. e4 {[%emt 0:00:00]} c5 {[%emt 0:00:00]} 2. Nf3 {[%emt 0:00:00]} e6 {[%emt 0:00:00]} 3. c4 {[%emt 0:00:00]} Nc6 {[%emt 0:00:13]} 4. Nc3 {[%emt 0:00:00]} Nd4 {[%emt 0:00:35]} 5. Nxd4 {[%emt 0:00:34]} cxd4 {[%emt 0:00:08]} 6. Nb5 {[%emt 0:00:58]} e5 {[%emt 0:00:47]} 7. Be2 {[%emt 0:08:31]} Nf6 {[%emt 0:01:17]} 8. d3 {[%emt 0:04:48]} a6 {[%emt 0:00:52]} 9. Na3 {[%emt 0:00:07]} Bb4+ {[%emt 0:01:14]} 10. Bd2 {[%emt 0:00:14]} Bxd2+ {[%emt 0:01:12]} 11. Qxd2 {[%emt 0:00:08]} d6 {[%emt 0:01:23]} 12. f4 {[%emt 0:04:04]} O-O {[%emt 0:02:45]} 13. O-O {[%emt 0:03:59]} b6 {[%emt 0:04:59]} 14. b4 {[%emt 0:02:18]} Qe7 {[%emt 0:09:05]} 15. Rac1 {[%emt 0:09:16]} a5 {[%emt 0:08:37]} 16. c5 $15 {[%emt 0:10:06]} bxc5 {[%emt 0:09:35]} 17. fxe5 {[%emt 0:03:49]} dxe5 {[%emt 0:06:26]} 18. bxc5 {[%emt 0:02:11]} Nd7 {[%emt 0:08:34]} 19. Qc2 {[%emt 0:00:38]} Ba6 {[%emt 0:05:30]} 20. c6 {[%emt 0:09:21]} Rfc8 {[%emt 0:07:33]} 21. Nb1 {[%emt 0:16:13]} Nf8 {[%emt 0:09:22]} 22. Bg4 {[%emt 0:04:46]} Ne6 {[%emt 0:01:45]} 23. Nd2 {[%emt 0:05:15]} Rc7 {[%emt 0:04:15]} 24. Qb3 {[%emt 0:09:54]} Nf4 {[%emt 0:08:25]} 25. Nc4 {[%emt 0:03:09]} Rxc6 {[%emt 0:02:48]} 26. g3 {[%emt 0:00:02]} Ng6 {[%emt 0:03:54]} 27. Nb6 {[%emt 0:00:38]} Rxc1 {[%emt 0:00:53]} 28. Rxc1 {[%emt 0:00:01]} Rf8 {[%emt 0:00:49]} 29. h4 Nxh4 30. gxh4 {[%emt 0:02:47]} Qxh4 {[%emt 0:00:46]} 31. Qd1 {[%emt 0:00:24]} Qg3+ {[%emt 0:00:04]} 32. Kh1 {[%emt 0:00:09]} Bxd3 {[%emt 0:00:49]} 33. Qf3 {[%emt 0:00:26]} Qxf3+ {[%emt 0:01:18]} 34. Bxf3 {[%emt 0:00:01]} Rd8 {[%emt 0:00:29]} 35. Rc5 {[%emt 0:00:18]} f6 {[%emt 0:00:31]} 36. Rxa5 {[%emt 0:00:09]} Rb8 {[%emt 0:00:33]} 37. Ra8 {[%emt 0:00:45]} Rxa8 {[%emt 0:00:01]} 38. Nxa8 {[%emt 0:00:04]} f5 {[%emt 0:00:33]} 39. exf5 {[%emt 0:00:24]} Bxf5 {[%emt 0:00:34]} 40. Bd5+ {[%emt 0:00:00]} Kf8 {[%emt 0:00:00]} 41. Nb6 {[%emt 0:01:45]} Ke7 {[%emt 0:05:23]} 42. a4 {[%emt 0:08:54]} Kd6 {[%emt 0:03:42]} 43. a5 {[%emt 0:00:05]} Kc5 {[%emt 0:06:27]} 44. Bc4 {[%emt 0:00:09]} d3 {[%emt 0:01:50]} 45. Bb3 {[%emt 0:15:18]} e4 46. Nc4 {[%emt 0:04:24]} Bc8 {[%emt 0:09:19]} 47. Ne3 {[%emt 0:03:50]} Kd4 {[%emt 0:01:07]} 48. Nd5 {[%emt 0:00:37]} Bb7 {[%emt 0:02:06]} 49. Nc7 {[%emt 0:01:04]} e3+ {[%emt 0:00:23]} 50. Kg1 {[%emt 0:00:01]} Kc3 {[%emt 0:00:44]} 51. Bd5 {[%emt 0:02:20]} e2 {[%emt 0:01:49]} 52. Bxb7 {[%emt 0:00:28]} e1=Q+ {[%emt 0:00:08]} 53. Kg2 {[%emt 0:00:01]} d2 {[%emt 0:01:01]} 54. Nd5+ {[%emt 0:00:31]} Kd4 {[%emt 0:00:19]} 0-1

[Event "UKR-ch Women Final 2018"]
[Site "Kiev"]
[Date "2018.12.19"]
[Round "8"]
[White "Buksa, Nataliya"]
[Black "Rakhmangulova, Anastasiya"]
[Result "1-0"]
[WhiteElo "2410"]
[BlackElo "2233"]
[Annotator "TA"]
[PlyCount "95"]
[EventDate "2018.12.11"]
[EventType "tourn"]
[EventCountry "UKR"]
[SourceTitle "playchess.com"]
[Source "ChessBase"]
[SourceQuality "1"]

{[%evp 32,95,18,20,42,32,56,56,62,55,125,105,106,52,165,180,191,156,129,135,217,212,292,264,263,255,242,238,414,385,403,376,437,431,410,321,424,421,406,365,472,443,447,462,452,428,457,455,615,503,522,490,512,495,682,681,661,653,647,540,674,738,719,680,656,634]} 1. e4 c5 2. Nf3 e6 3. d4 cxd4 4. Nxd4 Nf6 5. Nc3 Nc6 6. Nxc6 bxc6 7. e5 Nd5 8. Ne4 Qc7 9. f4 Qb6 10. c4 Bb4+ 11. Ke2 f5 12. exf6 Nxf6 {B45: Sicilian Four Knights} 13. Be3 Qd8 14. Nd6+ Bxd6 15. Qxd6 Bb7 (15... Qe7 16. Bc5 Qf7 17. Ke3 g5 18. Be2 g4 19. Rac1 h5 20. Rc3 Qg7 21. Bd3 Kf7 22. Kd2 Re8 23. Re1 Qh6 24. Kc2 a5 25. Re5 Nh7 26. Rf5+ Kg8 27. Qe5 {1-0 (27) Vidit,S (2718)-Krasenkow,M (2671) Wijk aan Zee 2018}) 16. Rd1 c5 17. Qxc5 {[#] LiveBook: 4 Games} Rc8 $146 ({Predecessor:} 17... Be4 18. Rd4 Qb8 19. b3 Kf7 20. Rg1 {1-0 (33) Savchenko,B (2556)-Tregubov,P (2571) St Petersburg 2015}) 18. Qxa7 Qc7 19. Ke1 $1 O-O 20. Qb6 $1 Qxb6 (20... Qb8 $1 $14) 21. Bxb6 $16 d5 22. b3 (22. c5 $16) 22... Nd7 ({Black should play} 22... dxc4 $1 $14 23. Bxc4 (23. bxc4 Ra8 $14) 23... Bd5) 23. Be3 $18 e5 24. Be2 ({Don't take} 24. cxd5 $6 exf4 25. Bd4 Bxd5 $14) 24... exf4 {[#]} 25. Bd4 $1 Rfe8 (25... Nf6 $16) 26. Kf2 Nf8 27. Bf3 Ba8 28. c5 ({Not} 28. cxd5 Rc2+ 29. Kg1 Rxa2 $16) 28... Bc6 29. Rhe1 Ra8 $2 (29... Ne6 30. Bg4 Bd7 31. Bxe6+ Bxe6) 30. Rxe8 Rxe8 31. Bc3 Rd8 32. b4 Ne6 33. Be5 Kf7 {[#]} 34. a4 $1 {[%mdl 512]} Bxa4 35. Rxd5 Re8 36. Bxf4 {[%mdl 64] Decoy. White is clearly winning.} Nxf4 37. Rf5+ {[%mdl 64] Double Attack} Ke7 {White must now prevent ...Nd3+.} 38. Rxf4 {[%mdl 4096] Endgame KRB-KRB} Rd8 39. Ke3 Bb5 40. Re4+ Kf6 41. Rd4 Re8+ 42. Kd2 Re6 43. Rf4+ Kg6 44. Re4 Ra6 45. Re7 Ra2+ 46. Kc3 Ra3+ 47. Kb2 Ra4 48. Kb3 {Accuracy: White = 81%, Black = 37%.} 1-0

[Event "UKR-ch Women Final 2018"]
[Site "Kiev"]
[Date "2018.12.19"]
[Round "8"]
[White "Doluhanova, Evgeniya"]
[Black "Gaponenko, Inna"]
[Result "1/2-1/2"]
[WhiteElo "2367"]
[BlackElo "2420"]
[Annotator "TA"]
[PlyCount "90"]
[EventDate "2018.12.11"]
[EventType "tourn"]
[EventCountry "UKR"]
[SourceTitle "playchess.com"]
[Source "ChessBase"]
[SourceQuality "1"]

{[%evp 14,90,29,17,26,8,43,8,38,-2,23,23,23,23,17,24,20,32,43,-34,-35,-76,-72,-71,-71,-83,-71,-71,-71,-71,-69,-68,-64,-58,-46,-56,-35,-43,-41,-47,-17,-35,-8,-18,-12,-8,-20,-18,0,-5,0,-8,-5,-18,-18,-18,-18,-24,-24,-24,-8,-8,-12,-20,-8,-8,-8,-8,-8,-8,-8,-8,-8,-8,0,0,0,-35,0]} 1. e4 e6 2. Nf3 d5 3. Nc3 dxe4 4. Nxe4 Nd7 5. Bc4 Ngf6 6. Qe2 {A00: Irregular Openings} (6. d3 Be7 7. O-O O-O 8. a4 a6 9. Qe2 h6 10. Ng3 Re8 11. Re1 Bd6 12. a5 b5 13. axb6 Nxb6 {1-0 (75) Demkovich,A (2404)-Kasparov,S (2484) Donetsk 2010}) 6... Nxe4 7. Qxe4 Nf6 8. Qe2 {LiveBook: 3 Games. White has an edge.} a6 9. d4 c5 $146 ({Predecessor:} 9... b5 10. Bb3 Bb7 11. Bg5 Be7 12. O-O Nd5 13. Bxe7 Nxe7 {1-0 (62) Parkkinen,J (2251)-Lardot,D (1993) Helsinki 2003}) 10. Bg5 h6 11. Bh4 (11. Bxf6 $5 Qxf6 12. Qe4 $11) 11... Qa5+ 12. c3 {With the idea d5.} cxd4 $1 13. Nxd4 Qh5 14. Nf3 Be7 15. O-O-O O-O 16. Rd4 (16. Rhg1 $14) 16... b5 $36 {[%mdl 2048] White is under pressure.} 17. Bb3 Bb7 18. Rg1 Rfd8 19. Rgd1 Rxd4 20. Rxd4 Rd8 21. Rxd8+ Bxd8 22. Qd3 Be7 {And now ...Bxf3 would win.} 23. Bg3 {[%cal Bh4g3,Bg3e5,Be5d4][%mdl 32]} Be4 24. Qe2 Qc5 25. Be5 {[#] aiming for Bxf6.} Bxf3 26. gxf3 Nd5 27. Bd4 Bg5+ 28. Kb1 Qd6 29. Qe5 Qxe5 30. Bxe5 Bf4 31. Bxf4 Nxf4 $11 {[%mdl 4096] Endgame KB-KN} 32. c4 Kf8 $1 33. cxb5 axb5 34. Kc2 Ke7 35. Kc3 {White wants to play Kb4.} Kd6 36. Kd4 f5 37. Bc2 Nd5 38. a3 e5+ 39. Kd3 Kc5 40. b4+ Kd6 41. Kd2 g6 42. Bd3 Kc6 43. Bc2 Kd6 44. Bd3 Kc6 45. Bc2 Kd6 {Accuracy: White = 73%, Black = 51%.} 1/2-1/2

[Event "UKR-ch Women Final 2018"]
[Site "Kiev"]
[Date "2018.12.19"]
[Round "8"]
[White "Shpanko, Nadiia"]
[Black "Dolzhykova, Kateryna"]
[Result "1/2-1/2"]
[WhiteElo "2262"]
[BlackElo "2161"]
[Annotator "NA"]
[PlyCount "97"]
[EventDate "2018.12.11"]
[EventType "tourn"]
[EventCountry "UKR"]
[SourceTitle "playchess.com"]
[Source "ChessBase"]
[SourceQuality "1"]
[TimeControl "40/5400+30:1800+30"]

1. e4 {[%emt 0:00:00]} c5 {[%emt 0:00:00]} 2. Nf3 {[%emt 0:00:00]} d6 {[%emt 0:00:00]} 3. d4 {[%emt 0:00:07]} cxd4 {[%emt 0:00:00]} 4. Nxd4 {[%emt 0:00:03]} Nf6 {[%emt 0:00:00]} 5. Nc3 {[%emt 0:00:08]} g6 {[%emt 0:00:00]} 6. Be3 {[%emt 0:00:49]} Bg7 {[%emt 0:00:04]} 7. f3 {[%emt 0:00:10]} Nc6 {[%emt 0:00:05]} 8. Qd2 {[%emt 0:00:14]} O-O {[%emt 0:00:14]} 9. O-O-O {[%emt 0:00:56]} d5 {[%emt 0:00:14]} 10. Kb1 {[%emt 0:01:35]} Nxd4 {[%emt 0:00:36]} 11. e5 {[%emt 0:00:49]} Nf5 {[%emt 0:01:06]} 12. exf6 {[%emt 0:00:18]} exf6 {[%emt 0:06:36] B76: Sicilian Dragon: Yugoslav Attack, 9 g4 and 9 0-0-0} 13. Bc5 {[%emt 0:01:41]} d4 {[%emt 0:00:07]} 14. Bxf8 {[%emt 0:02:19] LiveBook: 45 Games} Qxf8 {[%emt 0:00:13]} 15. Nb5 {[%emt 0:00:08]} Ne3 {[%emt 0:00:13]} 16. Re1 {[%emt 0:00:11]} f5 {[%emt 0:00:17]} 17. f4 {[%emt 0:00:41]} Qc5 {[%emt 0:06:11]} 18. c3 $1 {[%emt 0:01:22]} Nxf1 {[%emt 0:03:35]} 19. Re8+ Bf8 20. Qxd4 {[%emt 0:02:11]} Qxb5 {[%emt 0:04:03] [#]} 21. Qd8 $146 {[%emt 0:00:12]} Nd2+ {[%emt 0:03:40]} 22. Kc2 {[%emt 0:00:58]} Qxe8 {[%emt 0:29:35]} 23. Qxe8 {[%emt 0:00:07]} Ne4 {[%emt 0:00:01]} 24. Rd1 Nf6 {[%emt 0:02:56]} 25. Qd8 {[%emt 0:05:53]} Kg7 {[%emt 0:01:02]} 26. Qc7 $1 {[%emt 0:01:48]} Be6 {[%emt 0:16:23]} 27. Qxb7 {[%emt 0:03:24]} Re8 {[%emt 0:00:12]} 28. Qxa7 {[%emt 0:11:27]} Bd5 {[%emt 0:00:17]} 29. Rxd5 {[%emt 0:04:48]} Nxd5 {[%emt 0:00:09]} 30. Qd4+ {[%emt 0:00:08]} Nf6 {[%emt 0:00:06]} 31. b4 {[%emt 0:02:41]} Re4 {[%emt 0:02:18]} 32. Qd2 {[%emt 0:03:11]} Rc4 {[%emt 0:01:56]} 33. Qd3 {[%emt 0:01:18]} Rxf4 {[%emt 0:01:07]} 34. Kb3 {[%emt 0:02:49]} Ne4 $16 {[%emt 0:01:43]} 35. a4 {[%emt 0:04:13]} Rf2 {[%emt 0:06:59]} 36. Qd4+ {[%emt 0:04:27]} Kg8 {[%emt 0:02:25]} 37. a5 Rf1 38. Ka2 {[%emt 0:05:18]} Bg7 {[%emt 0:14:03]} 39. Qd8+ {[%emt 0:00:00]} Bf8 40. a6 Nxc3+ {[%emt 0:00:00]} 41. Kb3 {[%emt 0:05:40]} Ra1 {[%emt 0:07:47]} 42. Kxc3 {[%emt 0:00:20]} Rxa6 {[%emt 0:00:06]} 43. b5 {[%emt 0:00:31]} Rd6 {[%emt 0:02:49]} 44. Qc7 Bg7+ 45. Kc2 {[%emt 0:08:55]} Be5 {[%emt 0:02:56]} 46. Qc8+ {[%emt 0:00:16]} Kg7 {[%emt 0:00:05]} 47. h3 Bd4 {[%emt 0:03:30]} 48. Qc7 {[%emt 0:02:02]} Re6 {[%emt 0:00:51]} 49. Qc4 {[%emt 0:01:26]} 1/2-1/2

[Event "UKR-ch Women Final 2018"]
[Site "Kiev"]
[Date "2018.12.19"]
[Round "8"]
[White "Berdnyk, Mariia"]
[Black "Babiy, Olga"]
[Result "1/2-1/2"]
[WhiteElo "2248"]
[BlackElo "2275"]
[Annotator "NA"]
[PlyCount "41"]
[EventDate "2018.12.11"]
[EventType "tourn"]
[EventCountry "UKR"]
[SourceTitle "playchess.com"]
[Source "ChessBase"]
[SourceQuality "1"]
[TimeControl "40/5400+30:1800+30"]

1. e4 {[%emt 0:00:00]} c5 {[%emt 0:00:00]} 2. Nf3 {[%emt 0:00:00]} e6 {[%emt 0:00:00]} 3. d4 {[%emt 0:00:00]} cxd4 {[%emt 0:00:02]} 4. Nxd4 {[%emt 0:00:00]} Nc6 {[%emt 0:00:06]} 5. Nc3 {[%emt 0:00:00]} Qc7 {[%emt 0:00:14]} 6. Be3 {[%emt 0:00:13]} a6 {[%emt 0:00:13]} 7. Bd3 {[%emt 0:00:38]} Nf6 {[%emt 0:00:31]} 8. O-O {[%emt 0:00:05]} Ne5 {[%emt 0:00:15]} 9. h3 {[%emt 0:08:15]} Bc5 {[%emt 0:00:17]} 10. f4 {[%emt 0:08:55]} Nc6 {[%emt 0:08:58]} 11. Nf5 {[%emt 0:05:12] LiveBook: 21 Games} Ne7 {[%emt 0:03:22]} 12. Nxg7+ {[%emt 0:00:50]} Kf8 {[%emt 0:00:11]} 13. Bxc5 {[%emt 0:00:27]} Qxc5+ {[%emt 0:00:08]} 14. Kh1 $1 {[%emt 0:00:12]} Kxg7 {[%emt 0:00:33]} 15. e5 {[%emt 0:00:06]} Nfd5 $2 {[%emt 0:01:36] [#]} (15... Ne8 $1 $11 {and Black has nothing to worry.}) 16. Ne4 $1 {[%emt 0:00:04]} ({Not} 16. Qh5 Nxc3 17. f5 (17. bxc3 $2 Kf8 $19) 17... exf5 $11) ({And not} 16. Nxd5 Qxd5 17. Qe1 (17. Qh5 Kf8 $17) 17... Kf8 $17) 16... Qc6 {[%emt 0:07:37]} 17. Qh5 {[%emt 0:04:45]} Nf5 {[%emt 0:12:46]} 18. Qg5+ {[%emt 0:25:25]} Kf8 {[%emt 0:00:07]} 19. Qd8+ {[%emt 0:00:06]} Kg7 {[%emt 0:00:03]} 20. Qg5+ {[%emt 0:00:06]} Kf8 {[%emt 0:00:06]} 21. Qd8+ $11 {[%emt 0:01:27]} 1/2-1/2

[Event "UKR-ch Women Final 2018"]
[Site "Kiev"]
[Date "2018.12.19"]
[Round "8"]
[White "Martynkova, Olena"]
[Black "Osmak, Iulija"]
[Result "1-0"]
[WhiteElo "2173"]
[BlackElo "2403"]
[Annotator "NA"]
[PlyCount "119"]
[EventDate "2018.12.11"]
[EventType "tourn"]
[EventCountry "UKR"]
[SourceTitle "playchess.com"]
[Source "ChessBase"]
[SourceQuality "1"]
[TimeControl "40/5400+30:1800+30"]

1. d4 {[%emt 0:00:00]} d5 {[%emt 0:00:00]} 2. c4 {[%emt 0:00:00]} c6 {[%emt 0:00:00]} 3. Nf3 {[%emt 0:00:44]} e6 {[%emt 0:00:00]} 4. g3 {[%emt 0:02:29]} dxc4 {[%emt 0:02:40]} 5. Bg2 {[%emt 0:02:06]} Nd7 {[%emt 0:00:31]} 6. O-O {[%emt 0:03:46]} Ngf6 {[%emt 0:00:14]} 7. a4 {[%emt 0:03:43]} a5 {[%emt 0:08:37]} 8. Nc3 {[%emt 0:07:17] E04: Open Catalan: 5 Nf3} Bd6 {[%emt 0:05:45]} 9. Bg5 {[%emt 0:10:14] LiveBook: 3 Games} O-O $146 ({Predecessor:} 9... h6 10. Bxf6 Qxf6 11. Ne4 Qe7 12. Qc2 Bc7 13. Qxc4 e5 14. Nc3 Qb4 15. Qd3 exd4 {0-1 (32) Yevseev,D (2532)-Dobrov,V (2511) Jurmala 2014}) 10. e4 {[%emt 0:11:13]} (10. Ne4 $11 Bc7 11. Nfd2) 10... e5 $1 {[%emt 0:08:07]} 11. Qe2 {[%emt 0:08:20]} h6 {[%emt 0:08:02]} 12. Bxf6 {[%emt 0:09:08]} Qxf6 {[%emt 0:01:28]} 13. d5 {[%emt 0:00:11]} Nb6 {[%emt 0:04:40]} 14. Nd2 {[%emt 0:01:47]} Qg6 {[%emt 0:11:36]} 15. Nxc4 {[%emt 0:05:48]} Bg4 {[%emt 0:02:05]} 16. Qd3 {[%emt 0:05:10]} Nxc4 {[%emt 0:02:25]} 17. Qxc4 {[%emt 0:00:03]} Rac8 {[%emt 0:00:42]} 18. Qb3 {[%emt 0:03:55]} Bb4 {[%emt 0:10:02]} 19. Na2 {[%emt 0:03:59]} Bc5 {[%emt 0:16:18]} 20. Qxb7 {[%emt 0:10:19]} Bd4 {[%emt 0:05:42]} 21. Nc3 {[%emt 0:02:12]} c5 {[%emt 0:00:57]} 22. Qb3 {[%emt 0:05:37]} h5 {[%emt 0:02:00]} 23. Nb5 {[%emt 0:02:19]} c4 {[%emt 0:03:47]} 24. Qc2 {[%emt 0:00:02]} Bb6 {[%emt 0:01:41]} 25. Kh1 {[%emt 0:00:11]} h4 {[%emt 0:00:18]} 26. f3 {[%emt 0:01:18]} Bd7 {[%emt 0:00:28]} 27. g4 {[%emt 0:00:29]} Qh6 {[%emt 0:01:17]} 28. h3 (28. Bh3 $14 Qg6 29. Na3) 28... Bxb5 {[%emt 0:04:48]} 29. axb5 {[%emt 0:00:41]} Qf4 {[%emt 0:00:20]} 30. Ra4 {[%emt 0:01:10]} Qg3 {[%emt 0:03:31]} 31. f4 {[%emt 0:00:34]} exf4 {[%emt 0:00:41]} 32. Rxc4 {[%emt 0:00:38]} Rxc4 {[%emt 0:02:12]} 33. Qxc4 {[%emt 0:00:02]} f3 {[%emt 0:01:48]} 34. Rxf3 {[%emt 0:00:06]} Qe5 {[%emt 0:00:02]} 35. Rf5 {[%emt 0:01:12]} Qxb2 {[%emt 0:00:29]} 36. e5 {[%emt 0:00:37]} g6 {[%emt 0:00:46]} 37. Rf6 {[%emt 0:00:27]} Bd4 {[%emt 0:00:31]} 38. d6 {[%emt 0:00:33]} Kg7 {[%emt 0:01:26]} 39. d7 {[%emt 0:00:34]} Bxe5 {[%emt 0:00:43]} 40. d8=Q {[%emt 0:00:00]} Bxf6 $4 {[%emt 0:00:00]} ({Black should play} 40... Rxd8 $14 41. Qxf7+ Kh8) 41. Qdd5 {[%emt 0:07:48]} a4 {[%emt 0:03:42]} 42. Bf1 {[%emt 0:14:51]} a3 {[%emt 0:05:10]} 43. g5 {[%emt 0:02:02]} Be5 {[%emt 0:01:10]} 44. Qe2 {[%emt 0:00:52]} Re8 {[%emt 0:02:57]} 45. Qxb2 {[%emt 0:01:36]} axb2 {[%emt 0:00:07]} 46. Bd3 {[%emt 0:00:25]} Bc3 {[%emt 0:01:07]} 47. Qb3 {[%emt 0:03:09]} Re1+ {[%emt 0:01:26]} 48. Kg2 {[%emt 0:00:04]} Bd4 {[%emt 0:01:18]} 49. Qb4 {[%emt 0:00:22]} Rg1+ {[%emt 0:00:38]} 50. Kh2 {[%emt 0:00:39]} Be3 {[%emt 0:01:17]} 51. Qxb2+ {[%emt 0:01:15]} Kg8 {[%emt 0:00:04]} 52. Qe5 {[%emt 0:01:52]} Re1 {[%emt 0:01:10]} 53. Qe8+ {[%emt 0:00:49]} Kg7 {[%emt 0:00:06]} 54. Qe5+ {[%emt 0:00:15]} Kg8 {[%emt 0:00:04]} 55. Qf6 {[%emt 0:00:25]} Rd1 {[%emt 0:01:22]} 56. Bc4 {[%emt 0:00:50]} Rd2+ {[%emt 0:00:18]} 57. Kh1 {[%emt 0:00:04]} Rd1+ {[%emt 0:00:19]} 58. Kg2 {[%emt 0:00:22]} Rd2+ {[%emt 0:00:52]} 59. Kf3 {[%emt 0:00:54]} Rf2+ {[%emt 0:00:31]} 60. Kxe3 {[%emt 0:00:06]} 1-0

[Event "UKR-ch Women Final 2018"]
[Site "Kiev"]
[Date "2018.12.20"]
[Round "9"]
[White "Gaponenko, Inna"]
[Black "Berdnyk, Mariia"]
[Result "1-0"]
[WhiteElo "2420"]
[BlackElo "2248"]
[Annotator "ChessBase"]
[PlyCount "108"]
[EventDate "2018.12.11"]
[EventType "tourn"]
[EventCountry "UKR"]
[SourceTitle "playchess.com"]
[Source "ChessBase"]
[SourceQuality "1"]
[TimeControl "40/5400+30:1800+30"]

1. e4 {[%emt 0:00:50]} c5 {[%emt 0:00:00]} 2. Nf3 {[%emt 0:00:04]} d6 {[%emt 0:00:00]} 3. d4 {[%emt 0:00:05]} cxd4 {[%emt 0:00:00]} 4. Nxd4 {[%emt 0:00:05]} Nf6 {[%emt 0:00:00]} 5. Nc3 {[%emt 0:00:05]} g6 {[%emt 0:00:00]} 6. Be3 {[%emt 0:00:06]} Bg7 {[%emt 0:00:00]} 7. f3 {[%emt 0:00:05]} O-O {[%emt 0:00:00]} 8. Qd2 {[%emt 0:00:07]} Nc6 {[%emt 0:00:00]} 9. Bc4 {[%emt 0:00:06]} Bd7 {[%emt 0:00:00]} 10. O-O-O {[%emt 0:00:09]} Rc8 {[%emt 0:00:01]} 11. Bb3 {[%emt 0:00:05]} Nxd4 {[%emt 0:00:03]} 12. Bxd4 {[%emt 0:00:08]} b5 {[%emt 0:00:03]} 13. Bxa7 {[%emt 0:11:02]} b4 {[%emt 0:06:59]} 14. Nd5 {[%emt 0:00:57]} Nxd5 {[%emt 0:00:21]} 15. exd5 {[%emt 0:00:06]} Qa5 16. Qe3 {[%emt 0:45:55]} Ba4 {[%emt 0:21:44]} 17. Bd4 {[%emt 0:02:34]} Bxd4 18. Rxd4 {[%emt 0:01:51]} Rc5 {[%emt 0:12:25]} 19. Kb1 {[%emt 0:21:04]} Ra8 {[%emt 0:09:04]} 20. Rhd1 Bxb3 {[%emt 0:10:21]} 21. Qxb3 {[%emt 0:07:02]} Rb5 {[%emt 0:00:17]} 22. h4 {[%emt 0:01:27]} Qa7 {[%emt 0:02:45]} 23. a3 {[%emt 0:02:37]} Rab8 {[%emt 0:00:53]} 24. Rxb4 {[%emt 0:00:42]} Rxb4 {[%emt 0:00:15]} 25. axb4 {[%emt 0:00:04]} Qf2 26. g4 {[%emt 0:03:02]} Qxh4 {[%emt 0:00:41]} 27. b5 {[%emt 0:00:38]} Qf2 {[%emt 0:02:41]} 28. Qd3 {[%emt 0:01:37]} Ra8 {[%emt 0:01:44]} 29. Qe4 Qa7 {[%emt 0:07:03]} 30. c3 {[%emt 0:01:14]} Rb8 {[%emt 0:00:20]} 31. c4 {[%emt 0:01:05]} Ra8 {[%emt 0:00:36]} 32. Qd4 {[%emt 0:00:29]} Qa2+ {[%emt 0:00:24]} 33. Kc2 {[%emt 0:00:03]} Rc8 {[%emt 0:03:32]} 34. Kc3 {[%emt 0:00:09]} Qa4 {[%emt 0:03:56]} 35. b6 {[%emt 0:00:06]} Qa5+ {[%emt 0:03:54]} 36. Kc2 {[%emt 0:01:06]} Rb8 {[%emt 0:00:48]} 37. b3 {[%emt 0:00:22]} Qa2+ {[%emt 0:02:17]} 38. Kc3 {[%emt 0:01:07]} Qa5+ {[%emt 0:03:43]} 39. Kb2 {[%emt 0:00:30]} Qxb6 {[%emt 0:01:07]} 40. Qxb6 {[%emt 0:00:00]} Rxb6 {[%emt 0:00:00]} 41. Ra1 {[%emt 0:01:21]} Rb7 {[%emt 0:09:19]} 42. Kc3 {[%emt 0:00:30]} Kg7 {[%emt 0:00:35]} 43. b4 {[%emt 0:00:30]} h5 44. gxh5 {[%emt 0:00:30]} gxh5 {[%emt 0:03:21]} 45. c5 {[%emt 0:00:30]} dxc5 {[%emt 0:00:54]} 46. bxc5 {[%emt 0:00:30]} Kf6 {[%emt 0:01:34]} 47. c6 {[%emt 0:00:32]} Rb8 48. Kd4 {[%emt 0:05:13]} h4 {[%emt 0:17:56]} 49. Kc5 {[%emt 0:00:30]} h3 50. c7 {[%emt 0:05:23]} Rg8 {[%emt 0:04:36]} 51. Rh1 {[%emt 0:04:49]} Rg2 {[%emt 0:00:37]} 52. Rxh3 Rc2+ {[%emt 0:01:08]} 53. Kb6 {[%emt 0:01:00]} Ke5 {[%emt 0:01:33]} 54. Rh8 {[%emt 0:01:26]} Kxd5 1-0

[Event "UKR-ch Women Final 2018"]
[Site "Kiev"]
[Date "2018.12.20"]
[Round "9"]
[White "Osmak, Iulija"]
[Black "Shpanko, Nadiia"]
[Result "1-0"]
[WhiteElo "2403"]
[BlackElo "2262"]
[Annotator "TA"]
[PlyCount "75"]
[EventDate "2018.12.11"]
[EventType "tourn"]
[EventCountry "UKR"]
[SourceTitle "playchess.com"]
[Source "ChessBase"]
[SourceQuality "1"]

{[%evp 17,75,0,0,-7,-2,-41,0,0,0,0,0,0,0,0,0,0,0,0,0,-7,0,-17,-19,-25,0,0,0,0,0,0,0,0,0,0,0,0,0,0,0,0,0,0,0,0,0,0,0,0,0,0,0,0,0,0,0,0,126,110,577,565]} 1. d4 Nf6 2. Bf4 d5 3. e3 c5 4. c3 Nc6 5. Nd2 Bf5 6. Qb3 {D00: 1 d4 d5: Unusual lines} (6. Ngf3 e6 7. Nh4 Be4 8. Nhf3 Bf5 9. Nh4 Be4 10. Qb3 Qc8 11. Nhf3 Bf5 12. Be2 Be7 13. O-O O-O 14. h3 h6 15. Rfe1 c4 16. Qd1 b5 {1-0 (66) Grachev,B (2626)-Najer,E (2663) Moscow 2018}) 6... Qd7 7. Ngf3 c4 8. Qd1 e6 9. Be2 Bd6 {LiveBook: 3 Games} 10. O-O O-O 11. Bg5 $146 ({Predecessor:} 11. Bxd6 Qxd6 12. Nh4 b5 13. Nxf5 exf5 {½-½ (51) Gelle,I (2329)-Akots,G (2300) Budapest 2010}) 11... Be7 12. Nh4 Ne4 13. Nxf5 exf5 14. Bf4 Bd6 15. Nxe4 fxe4 16. Bxd6 Qxd6 17. b3 b5 18. bxc4 bxc4 19. Qa4 Rab8 20. Rfb1 a5 21. Bd1 g6 22. g3 Rfc8 23. Bc2 Kf8 24. Kg2 Kg7 25. Bd1 Rd8 26. h4 Rf8 27. Bc2 h5 28. Rxb8 Rxb8 29. Rb1 Rxb1 30. Bxb1 Qf6 31. Kg1 Qf3 {Threatening ...Ne7.} 32. Bc2 Qe2 $1 33. Qxc6 {[#] Hoping for Ba4.} Qxc2 34. Qxd5 Qxc3 35. Qe5+ Kh7 36. Qc7 Qd3 (36... Kg7 $11 {keeps the balance.}) 37. Qxf7+ $16 Kh6 $2 {[%mdl 8192] [#]} (37... Kh8 $16 {is more resistant.}) 38. Qg8 {Accuracy: White = 81%, Black = 55%.} 1-0